[Event "European Online Club-ch-H 2021"]
[Site "Online"]
[Date "2021.03.27"]
[Round "6.8"]
[White "Santamaria, Jorge"]
[Black "Coupet, Pascal"]
[Result "1-0"]
[WhiteElo "2185"]
[BlackElo "2233"]
[Annotator "NA"]
[PlyCount "65"]
[EventDate "2021.03.27"]
[EventType "team-tourn"]
[EventCountry "NET"]
[SourceTitle "playchess.com"]
[Source "ChessBase"]
[SourceQuality "1"]
[TimeControl "900+5"]

1. g3 {[%emt 0:00:00]} d5 {[%emt 0:00:12]} 2. Nf3 {[%emt 0:00:04]} Nc6 {[%emt 0:00:04]} 3. d4 {[%emt 0:00:04]} g6 {[%emt 0:00:14]} 4. Bg2 {[%emt 0:00:04]} Bg7 {[%emt 0:00:01]} 5. O-O {[%emt 0:00:17]} Bg4 {[%emt 0:00:24]} 6. c3 {[%emt 0:00:07]} Qd7 {[%emt 0:00:13]} 7. a4 {[%emt 0:00:14]} h5 {[%emt 0:01:08]} 8. h4 {[%emt 0:00:23]} Nh6 {[%emt 0:00:16]} 9. a5 {[%emt 0:00:15]} O-O {[%emt 0:01:53]} 10. Nbd2 {[%emt 0:01:12]} Rad8 {[%emt 0:00:45]} 11. Re1 {[%emt 0:01:04]} Rfe8 {[%emt 0:01:04]} 12. Qb3 {[%emt 0:00:19]} b6 {[%emt 0:00:39]} 13. axb6 {[%emt 0:00:24]} axb6 {[%emt 0:00:06]} 14. e4 {[%emt 0:01:08]} dxe4 {[%emt 0:00:26]} 15. Nxe4 {[%emt 0:00:04]} e5 {[%emt 0:01:20]} 16. Bxh6 {[%emt 0:00:16]} Bxf3 {[%emt 0:00:45]} 17. Bxf3 {[%emt 0:02:33]} Qf5 {[%emt 0:00:15]} 18. Ng5 {[%emt 0:00:17]} Na5 {[%emt 0:01:17]} 19. Qxf7+ {[%emt 0:02:49]} Qxf7 {[%emt 0:00:10]} 20. Nxf7 {[%emt 0:00:02]} Kxf7 {[%emt 0:00:12]} 21. Bxg7 {[%emt 0:00:08]} Kxg7 {[%emt 0:00:00]} 22. Rad1 {[%emt 0:00:20]} exd4 {[%emt 0:01:27]} 23. Rxe8 {[%emt 0:00:04]} Rxe8 {[%emt 0:00:00]} 24. Rxd4 {[%emt 0:00:04]} Re7 {[%emt 0:01:05]} 25. Bd5 {[%emt 0:00:40]} c6 {[%emt 0:00:25]} 26. Bf3 {[%emt 0:00:04]} c5 {[%emt 0:00:05]} 27. Rf4 {[%emt 0:00:29]} Nb3 {[%emt 0:00:08]} 28. Kg2 {[%emt 0:00:39]} Nd2 {[%emt 0:00:18]} 29. Bd5 {[%emt 0:00:19]} b5 {[%emt 0:00:16]} 30. b4 {[%emt 0:00:17]} Nb1 {[%emt 0:00:28]} 31. bxc5 {[%emt 0:00:13]} Nxc3 {[%emt 0:00:03]} 32. Bf3 {[%emt 0:00:02]} Rb7 {[%emt 0:00:06]} 33. Bxb7 {[%emt 0:00:04]} 1-0

[Event "European Online Club-ch-H 2021"]
[Site "Online"]
[Date "2021.03.27"]
[Round "6.9"]
[White "Kryvoruchko, Yuriy"]
[Black "Vasli, Aref"]
[Result "1-0"]
[WhiteElo "2699"]
[BlackElo "2384"]
[Annotator "TA"]
[PlyCount "63"]
[EventDate "2021.03.27"]
[EventType "team-tourn"]
[EventCountry "NET"]
[SourceTitle "playchess.com"]
[Source "ChessBase"]
[SourceQuality "1"]

{[%evp 20,63,41,35,37,33,19,16,26,21,29,30,26,11,27,37,49,18,20,20,14,15,10,0,62,-16,265,265,263,265,264,262,530,529,557,553,626,531,582,569,29992,29991,29993,29994,29994,29994]} 1. e4 e5 2. Nf3 Nc6 3. Bb5 a6 4. Ba4 Nf6 5. O-O Be7 6. Re1 b5 7. Bb3 d6 8. c3 O-O 9. h3 Bb7 10. d4 Re8 11. Nbd2 exd4 {C92: Closed Ruy Lopez: 9...Be6, Karpov and Flohr-Zaitsev Variations.} 12. cxd4 Nd7 13. Nf1 Na5 {The position is equal.} 14. Bc2 Bf6 15. Ng3 $1 {15.Ng3 scores better than 15.Rb1.} g6 16. Bh6 Nc4 {16...Rc8 is not played anymore.} 17. b3 Ncb6 18. Qd2 c5 19. Rad1 cxd4 20. Nxd4 Rc8 21. Bb1 {[#]} Qc7 $146 ({Black should play} 21... d5 $11) ({Predecessor:} 21... Rc5 22. Re3 Qa8 23. Nf3 Nc8 24. Nh2 Bh8 25. Ng4 Ne5 26. Nxe5 Rcxe5 {1-0 (42) Stein,L-Geller,E Moscow 1961}) 22. Ngf5 d5 $2 {[%mdl 8192] [#] Loses the game.} (22... gxf5 $11 23. Nxf5 Re6) 23. Bf4 $1 $18 Be5 {[#]} (23... Ne5 24. Bg5) 24. Bxe5 Nxe5 25. Qg5 {Threatening mate with Qf6.} Qc5 $2 {[#]} (25... Qd8 26. Qh6 Qf6) 26. Qf6 $1 {[%csl Gf5][%cal Rf6g7]} Qf8 27. Qxb6 gxf5 28. Nxf5 Ba8 29. exd5 {And now Qf6 would win.} Qb4 30. Qf6 {[%csl Gf5][%cal Rf6g7] White mates.} Nf3+ 31. gxf3 {[%csl Gf5][%cal Rf6g7]} Rxe1+ 32. Kg2 {[%csl Gf5][%cal Rf6g7] Weighted Error Value: White=0.15/Black=0.74} 1-0

[Event "European Online Club-ch-H 2021"]
[Site "Online"]
[Date "2021.03.27"]
[Round "6.10"]
[White "Bromann, Thorbjorn"]
[Black "Eljanov, Pavel"]
[Result "0-1"]
[WhiteElo "2392"]
[BlackElo "2672"]
[Annotator "ChessBase"]
[PlyCount "92"]
[EventDate "2021.03.27"]
[EventType "team-tourn"]
[EventCountry "NET"]
[SourceTitle "playchess.com"]
[Source "ChessBase"]
[SourceQuality "1"]
[TimeControl "900+5"]

1. d4 {[%emt 0:00:00]} Nf6 {[%emt 0:00:08]} 2. Nc3 {[%emt 0:00:02]} d5 {[%emt 0:00:07]} 3. Bg5 {[%emt 0:00:03]} h6 {[%emt 0:00:02]} 4. Bxf6 {[%emt 0:00:28]} exf6 {[%emt 0:00:02]} 5. e3 {[%emt 0:00:10]} c6 {[%emt 0:00:04]} 6. Bd3 {[%emt 0:00:05]} Nd7 {[%emt 0:00:30]} 7. Qf3 {[%emt 0:00:25]} g6 {[%emt 0:00:07]} 8. g4 {[%emt 0:00:08]} h5 {[%emt 0:00:20]} 9. h3 {[%emt 0:00:16]} Nb6 {[%emt 0:00:28]} 10. gxh5 {[%emt 0:01:23]} Rxh5 {[%emt 0:00:04]} 11. Nge2 {[%emt 0:00:01]} Bd6 {[%emt 0:01:07]} 12. O-O-O {[%emt 0:00:04]} f5 {[%emt 0:00:16]} 13. Ng3 {[%emt 0:00:44]} Rh4 {[%emt 0:00:28]} 14. Nce2 {[%emt 0:01:07]} Be6 {[%emt 0:00:44]} 15. Qg2 {[%emt 0:01:16]} Nd7 {[%emt 0:02:13]} 16. f4 {[%emt 0:00:27]} Qc7 {[%emt 0:00:55]} 17. Ng1 {[%emt 0:00:06]} Nf6 {[%emt 0:01:26]} 18. Nf3 {[%emt 0:00:12]} Rh6 {[%emt 0:00:02]} 19. h4 {[%emt 0:02:22]} O-O-O {[%emt 0:01:41]} 20. Rh3 {[%emt 0:01:34]} Rdh8 {[%emt 0:00:28]} 21. Rdh1 {[%emt 0:00:05]} c5 {[%emt 0:01:20]} 22. dxc5 {[%emt 0:02:28]} Bxc5 {[%emt 0:00:04]} 23. Nf1 {[%emt 0:00:10]} d4 {[%emt 0:00:41]} 24. exd4 {[%emt 0:00:09]} Qxf4+ {[%emt 0:00:13]} 25. Qd2 {[%emt 0:00:04]} Bd6 {[%emt 0:00:03]} 26. Ne3 {[%emt 0:00:40]} Ng4 {[%emt 0:01:59]} 27. Re1 {[%emt 0:00:13]} Kb8 {[%emt 0:00:08]} 28. d5 {[%emt 0:00:23]} Bd7 {[%emt 0:00:21]} 29. Ng5 {[%emt 0:00:38]} Rxh4 {[%emt 0:00:35]} 30. Rxh4 {[%emt 0:00:24]} Rxh4 {[%emt 0:00:02]} 31. Nxf7 {[%emt 0:00:01]} Bb4 {[%emt 0:00:15]} 32. c3 {[%emt 0:00:07]} Rh2 {[%emt 0:00:02]} 33. Re2 {[%emt 0:00:44]} Rxe2 {[%emt 0:00:04]} 34. Bxe2 {[%emt 0:00:02]} Nxe3 {[%emt 0:00:11]} 35. cxb4 {[%emt 0:00:02]} Nxd5 {[%emt 0:00:03]} 36. a3 {[%emt 0:00:10]} Kc7 {[%emt 0:00:06]} 37. Qxf4+ {[%emt 0:00:30]} Nxf4 {[%emt 0:00:02]} 38. Bf3 {[%emt 0:00:00]} Bc6 {[%emt 0:00:07]} 39. Bxc6 {[%emt 0:00:15]} Kxc6 {[%emt 0:00:03]} 40. Kd2 {[%emt 0:00:00]} Kd5 {[%emt 0:00:02]} 41. Ke3 {[%emt 0:00:13]} Ne6 {[%emt 0:00:03]} 42. b3 {[%emt 0:00:08]} g5 {[%emt 0:00:06]} 43. b5 {[%emt 0:00:07]} b6 {[%emt 0:00:13]} 44. Nh6 {[%emt 0:00:07]} Nd4 {[%emt 0:00:07]} 45. a4 {[%emt 0:00:06]} f4+ {[%emt 0:00:03]} 46. Kd3 {[%emt 0:00:01]} Nxb3 {[%emt 0:00:01]} 0-1

[Event "European Online Club-ch-H 2021"]
[Site "Online"]
[Date "2021.03.27"]
[Round "6.11"]
[White "Kuzubov, Yuriy"]
[Black "Aabling-Thomsen, Jakob"]
[Result "1-0"]
[WhiteElo "2642"]
[BlackElo "2348"]
[Annotator "ChessBase"]
[PlyCount "93"]
[EventDate "2021.03.27"]
[EventType "team-tourn"]
[EventCountry "NET"]
[SourceTitle "playchess.com"]
[Source "ChessBase"]
[SourceQuality "1"]
[TimeControl "900+5"]

1. d4 {[%emt 0:00:00]} Nf6 {[%emt 0:00:03]} 2. Nf3 {[%emt 0:00:03]} g6 {[%emt 0:00:03]} 3. Nbd2 {[%emt 0:00:01]} Bg7 {[%emt 0:00:29]} 4. e4 {[%emt 0:00:04]} d6 {[%emt 0:00:00]} 5. Be2 {[%emt 0:00:08]} O-O {[%emt 0:00:03]} 6. O-O {[%emt 0:00:03]} Nc6 {[%emt 0:00:03]} 7. c3 {[%emt 0:00:07]} e5 {[%emt 0:00:08]} 8. dxe5 {[%emt 0:00:02]} dxe5 {[%emt 0:00:05]} 9. Re1 {[%emt 0:00:13]} h6 {[%emt 0:00:11]} 10. Qc2 {[%emt 0:00:08]} Nh5 {[%emt 0:00:08]} 11. Bb5 {[%emt 0:00:10]} Qf6 {[%emt 0:00:16]} 12. Nf1 {[%emt 0:00:17]} Bg4 {[%emt 0:00:30]} 13. N3d2 {[%emt 0:00:07]} a6 {[%emt 0:00:17]} 14. Ba4 {[%emt 0:00:21]} Nf4 {[%emt 0:00:09]} 15. f3 {[%emt 0:00:17]} Be6 {[%emt 0:00:13]} 16. Bb3 {[%emt 0:00:11]} Rad8 {[%emt 0:00:12]} 17. Ne3 {[%emt 0:00:17]} h5 {[%emt 0:00:20]} 18. Ndf1 {[%emt 0:00:49]} Bh6 {[%emt 0:01:48]} 19. Bxe6 {[%emt 0:00:51]} fxe6 {[%emt 0:00:07]} 20. Rd1 {[%emt 0:00:51]} Qg5 {[%emt 0:00:32]} 21. g3 {[%emt 0:01:36]} Rxd1 {[%emt 0:01:31]} 22. Nxd1 {[%emt 0:00:29]} h4 {[%emt 0:00:20]} 23. Nf2 {[%emt 0:00:32]} hxg3 {[%emt 0:01:05]} 24. hxg3 {[%emt 0:00:03]} Kg7 {[%emt 0:02:18]} 25. Ng4 {[%emt 0:00:24]} Rh8 {[%emt 0:00:48]} 26. gxf4 {[%emt 0:00:10]} exf4 {[%emt 0:00:00]} 27. Nfh2 {[%emt 0:00:27]} Qh5 {[%emt 0:00:29]} 28. Qg2 {[%emt 0:00:51]} Bg5 {[%emt 0:00:40]} 29. Bd2 {[%emt 0:00:05]} e5 {[%emt 0:00:29]} 30. Be1 {[%emt 0:00:06]} Rd8 {[%emt 0:00:07]} 31. Qe2 {[%emt 0:00:14]} Bh4 {[%emt 0:00:50]} 32. Rd1 {[%emt 0:00:05]} Rd6 {[%emt 0:00:12]} 33. Rd5 {[%emt 0:00:24]} Bg3 {[%emt 0:00:12]} 34. Bxg3 {[%emt 0:00:13]} fxg3 {[%emt 0:00:03]} 35. Nf1 {[%emt 0:00:02]} Qh4 {[%emt 0:00:40]} 36. Rxd6 {[%emt 0:00:25]} cxd6 {[%emt 0:00:03]} 37. Qd2 {[%emt 0:00:05]} Nd8 {[%emt 0:00:33]} 38. Qxd6 {[%emt 0:00:22]} Nf7 {[%emt 0:00:02]} 39. Qd7 {[%emt 0:00:19]} Qg5 {[%emt 0:00:09]} 40. Kg2 {[%emt 0:00:30]} b5 {[%emt 0:00:45]} 41. Nxg3 {[%emt 0:00:09]} b4 {[%emt 0:00:18]} 42. cxb4 {[%emt 0:00:04]} Qc1 {[%emt 0:00:06]} 43. Qe7 {[%emt 0:00:34]} Qd2+ {[%emt 0:00:06]} 44. Kh3 {[%emt 0:00:16]} Qf4 {[%emt 0:00:08]} 45. a4 {[%emt 0:00:26]} Kg8 {[%emt 0:00:32]} 46. Nf6+ {[%emt 0:00:03]} Kg7 {[%emt 0:00:16]} 47. Nfh5+ {[%emt 0:00:04]} 1-0

[Event "European Online Club-ch-H 2021"]
[Site "Online"]
[Date "2021.03.27"]
[Round "6.12"]
[White "Hald Falkesgaard, Jeppe"]
[Black "Brodsky, Michail"]
[Result "0-1"]
[WhiteElo "1986"]
[BlackElo "2524"]
[Annotator "ChessBase"]
[PlyCount "116"]
[EventDate "2021.03.27"]
[EventType "team-tourn"]
[EventCountry "NET"]
[SourceTitle "playchess.com"]
[Source "ChessBase"]
[SourceQuality "1"]
[TimeControl "900+5"]

1. c4 {[%emt 0:00:00]} Nf6 {[%emt 0:00:07]} 2. Nc3 {[%emt 0:00:03]} e5 {[%emt 0:00:02]} 3. e4 {[%emt 0:00:03]} Bc5 {[%emt 0:00:07]} 4. Nf3 {[%emt 0:00:02]} d6 {[%emt 0:00:04]} 5. d4 {[%emt 0:00:12]} exd4 {[%emt 0:00:04]} 6. Nxd4 {[%emt 0:00:02]} O-O {[%emt 0:00:02]} 7. Be2 {[%emt 0:00:05]} Bb4 {[%emt 0:00:07]} 8. f3 {[%emt 0:00:17]} Bxc3+ {[%emt 0:00:05]} 9. bxc3 {[%emt 0:00:03]} Nbd7 {[%emt 0:00:01]} 10. O-O {[%emt 0:00:04]} Re8 {[%emt 0:00:10]} 11. Qe1 {[%emt 0:00:12]} Ne5 {[%emt 0:00:08]} 12. Qh4 {[%emt 0:00:17]} Ng6 {[%emt 0:00:04]} 13. Qg3 {[%emt 0:00:03]} Nh5 {[%emt 0:00:03]} 14. Qg5 {[%emt 0:00:12]} Qxg5 {[%emt 0:00:11]} 15. Bxg5 {[%emt 0:00:04]} Nhf4 {[%emt 0:00:02]} 16. Rab1 {[%emt 0:00:25]} h6 {[%emt 0:00:16]} 17. Bxf4 {[%emt 0:00:03]} Nxf4 {[%emt 0:00:01]} 18. g3 {[%emt 0:00:18]} Nxe2+ {[%emt 0:00:05]} 19. Nxe2 {[%emt 0:00:03]} b6 {[%emt 0:00:02]} 20. Nd4 {[%emt 0:00:05]} Bd7 {[%emt 0:00:24]} 21. Rbd1 {[%emt 0:00:18]} a6 {[%emt 0:00:14]} 22. Rd2 {[%emt 0:00:58]} Re5 {[%emt 0:00:06]} 23. Nb3 {[%emt 0:00:43]} a5 {[%emt 0:01:00]} 24. Rfd1 {[%emt 0:00:48]} a4 {[%emt 0:00:30]} 25. Nc1 {[%emt 0:00:14]} Rc5 {[%emt 0:00:21]} 26. Nd3 {[%emt 0:01:35]} Rca5 {[%emt 0:00:29]} 27. Nb4 {[%emt 0:00:38]} Be6 {[%emt 0:00:16]} 28. Nd5 {[%emt 0:00:19]} Rc5 {[%emt 0:00:02]} 29. Rd4 {[%emt 0:00:17]} a3 {[%emt 0:00:02]} 30. Rb1 {[%emt 0:02:19]} Kf8 {[%emt 0:01:38]} 31. f4 {[%emt 0:01:02]} f5 {[%emt 0:00:26]} 32. Re1 {[%emt 0:01:19]} fxe4 {[%emt 0:00:55]} 33. Rexe4 {[%emt 0:00:29]} Bf5 {[%emt 0:00:30]} 34. Re7 {[%emt 0:00:41]} Rxd5 {[%emt 0:00:24]} 35. Rxd5 {[%emt 0:00:02]} Kxe7 {[%emt 0:00:02]} 36. Rxf5 {[%emt 0:00:01]} Ra4 {[%emt 0:00:02]} 37. c5 {[%emt 0:00:40]} bxc5 {[%emt 0:00:34]} 38. Rd5 {[%emt 0:00:05]} c6 {[%emt 0:00:47]} 39. Rd3 {[%emt 0:00:10]} d5 {[%emt 0:00:02]} 40. Kf2 {[%emt 0:00:06]} Kd6 {[%emt 0:00:21]} 41. Kf3 {[%emt 0:00:19]} Ra7 {[%emt 0:00:30]} 42. h4 {[%emt 0:00:40]} c4 {[%emt 0:00:21]} 43. Re3 {[%emt 0:00:26]} Rb7 {[%emt 0:00:03]} 44. Re2 {[%emt 0:00:11]} Rb1 {[%emt 0:00:10]} 45. Kg4 {[%emt 0:00:47]} Rb2 {[%emt 0:00:09]} 46. Re8 {[%emt 0:00:08]} Rc2 {[%emt 0:00:19]} 47. Rg8 {[%emt 0:00:45]} Rxc3 {[%emt 0:00:03]} 48. Rxg7 {[%emt 0:00:01]} Rc1 {[%emt 0:00:04]} 49. Rg6+ {[%emt 0:00:06]} Kc5 {[%emt 0:00:05]} 50. Rxh6 {[%emt 0:00:02]} Rf1 {[%emt 0:00:04]} 51. f5 {[%emt 0:00:15]} c3 {[%emt 0:00:02]} 52. Kg5 {[%emt 0:00:12]} c2 {[%emt 0:00:03]} 53. Kg6 {[%emt 0:00:06]} c1=Q {[%emt 0:00:04]} 54. g4 {[%emt 0:00:01]} Qf4 {[%emt 0:00:09]} 55. Rh7 {[%emt 0:00:09]} Qxg4+ {[%emt 0:00:03]} 56. Kf6 {[%emt 0:00:10]} Rxf5+ {[%emt 0:00:05]} 57. Ke7 {[%emt 0:00:02]} Re5+ {[%emt 0:00:03]} 58. Kd8 {[%emt 0:00:08]} Qg8+ {[%emt 0:00:05]} 0-1

[Event "European Online Club-ch-H 2021"]
[Site "Online"]
[Date "2021.03.27"]
[Round "6.13"]
[White "Banusz, Tamas"]
[Black "Parvanyan, Ashot"]
[Result "1-0"]
[WhiteElo "2631"]
[BlackElo "2436"]
[Annotator "ChessBase"]
[PlyCount "151"]
[EventDate "2021.03.27"]
[EventType "team-tourn"]
[EventCountry "NET"]
[SourceTitle "playchess.com"]
[Source "ChessBase"]
[SourceQuality "1"]
[TimeControl "900+5"]

1. d4 {[%emt 0:00:00]} Nf6 {[%emt 0:00:11]} 2. c4 {[%emt 0:00:03]} g6 {[%emt 0:00:11]} 3. g3 {[%emt 0:00:04]} Bg7 {[%emt 0:00:01]} 4. Bg2 {[%emt 0:00:03]} O-O {[%emt 0:00:02]} 5. Nc3 {[%emt 0:00:02]} d6 {[%emt 0:00:01]} 6. Nf3 {[%emt 0:00:01]} c5 {[%emt 0:00:02]} 7. O-O {[%emt 0:00:03]} Nc6 {[%emt 0:00:01]} 8. dxc5 {[%emt 0:00:02]} dxc5 {[%emt 0:00:02]} 9. Be3 {[%emt 0:00:01]} Qa5 {[%emt 0:00:02]} 10. Qb3 {[%emt 0:00:07]} Qb4 {[%emt 0:00:32]} 11. Na4 {[%emt 0:00:04]} b6 {[%emt 0:05:50]} 12. Qxb4 {[%emt 0:00:13]} cxb4 {[%emt 0:02:48]} 13. Rac1 {[%emt 0:03:07]} Bd7 {[%emt 0:00:45]} 14. b3 {[%emt 0:00:30]} Rac8 {[%emt 0:00:50]} 15. Rfd1 {[%emt 0:01:26]} Bf5 {[%emt 0:00:43]} 16. Nd4 {[%emt 0:01:05]} Nxd4 {[%emt 0:00:26]} 17. Bxd4 {[%emt 0:00:00]} Rfd8 {[%emt 0:00:56]} 18. h3 {[%emt 0:00:51]} Rd7 {[%emt 0:02:40]} 19. Be3 {[%emt 0:00:09]} h5 {[%emt 0:00:24]} 20. Rd2 {[%emt 0:04:12]} Rxd2 {[%emt 0:00:03]} 21. Bxd2 {[%emt 0:00:02]} Bd7 {[%emt 0:00:09]} 22. Bxb4 {[%emt 0:00:27]} Bxa4 {[%emt 0:00:02]} 23. bxa4 {[%emt 0:00:00]} Rc7 {[%emt 0:00:05]} 24. a5 {[%emt 0:00:02]} Nd7 {[%emt 0:00:06]} 25. axb6 {[%emt 0:00:31]} Nxb6 {[%emt 0:00:04]} 26. c5 {[%emt 0:00:04]} Na4 {[%emt 0:00:07]} 27. c6 {[%emt 0:00:14]} Be5 {[%emt 0:00:03]} 28. Ba5 {[%emt 0:00:07]} Nb6 {[%emt 0:00:01]} 29. Rb1 {[%emt 0:00:07]} Bd4 {[%emt 0:00:02]} 30. e3 {[%emt 0:00:02]} Bc5 {[%emt 0:00:02]} 31. Rb5 {[%emt 0:00:02]} Bd6 {[%emt 0:00:07]} 32. Bb4 {[%emt 0:00:54]} Bxb4 {[%emt 0:00:09]} 33. Rxb4 {[%emt 0:00:02]} e6 {[%emt 0:00:06]} 34. Rb5 {[%emt 0:01:24]} Kf8 {[%emt 0:00:04]} 35. a4 {[%emt 0:01:02]} Ke7 {[%emt 0:00:03]} 36. a5 {[%emt 0:00:02]} Nd5 {[%emt 0:00:07]} 37. Bxd5 {[%emt 0:00:02]} exd5 {[%emt 0:00:02]} 38. Rxd5 {[%emt 0:00:05]} Rxc6 {[%emt 0:00:02]} 39. Kg2 {[%emt 0:00:09]} Rc2 {[%emt 0:00:05]} 40. Rb5 {[%emt 0:00:06]} Rc7 {[%emt 0:00:14]} 41. g4 {[%emt 0:00:04]} hxg4 {[%emt 0:00:02]} 42. hxg4 {[%emt 0:00:01]} Kd6 {[%emt 0:00:08]} 43. Kg3 {[%emt 0:00:16]} Kc6 {[%emt 0:00:03]} 44. Re5 {[%emt 0:00:06]} Rb7 {[%emt 0:00:06]} 45. Kf4 {[%emt 0:00:07]} Kd6 {[%emt 0:00:06]} 46. g5 {[%emt 0:00:03]} Rb4+ {[%emt 0:00:04]} 47. e4 {[%emt 0:00:01]} Rb2 {[%emt 0:00:04]} 48. f3 {[%emt 0:00:04]} Ra2 {[%emt 0:00:05]} 49. Rd5+ {[%emt 0:00:03]} Ke6 {[%emt 0:00:02]} 50. Rb5 {[%emt 0:00:01]} Ra3 {[%emt 0:00:06]} 51. Kg4 {[%emt 0:00:05]} Ra4 {[%emt 0:00:03]} 52. Rd5 {[%emt 0:00:14]} Ra1 {[%emt 0:00:11]} 53. f4 {[%emt 0:00:02]} Rg1+ {[%emt 0:00:02]} 54. Kf3 {[%emt 0:00:02]} Rf1+ {[%emt 0:00:02]} 55. Ke3 {[%emt 0:00:01]} Re1+ {[%emt 0:00:01]} 56. Kd4 {[%emt 0:00:02]} Rf1 {[%emt 0:00:13]} 57. f5+ {[%emt 0:00:08]} gxf5 {[%emt 0:00:02]} 58. Re5+ {[%emt 0:00:01]} Kd6 {[%emt 0:00:06]} 59. Rxf5 {[%emt 0:00:02]} Rd1+ {[%emt 0:00:05]} 60. Ke3 {[%emt 0:00:08]} Ke7 {[%emt 0:00:08]} 61. Rb5 {[%emt 0:00:06]} Re1+ {[%emt 0:00:04]} 62. Kf4 {[%emt 0:00:02]} Ke6 {[%emt 0:00:04]} 63. Rb7 {[%emt 0:00:04]} Rf1+ {[%emt 0:00:02]} 64. Ke3 {[%emt 0:00:02]} a6 {[%emt 0:00:11]} 65. Ra7 {[%emt 0:00:03]} Ke5 {[%emt 0:00:07]} 66. Rxa6 {[%emt 0:00:08]} Re1+ {[%emt 0:00:02]} 67. Kf2 {[%emt 0:00:03]} Rxe4 {[%emt 0:00:05]} 68. Ra8 {[%emt 0:00:01]} Kf5 {[%emt 0:00:06]} 69. a6 {[%emt 0:00:03]} Ra4 {[%emt 0:00:05]} 70. a7 {[%emt 0:00:02]} Ra3 {[%emt 0:00:04]} 71. g6 {[%emt 0:00:02]} Ra2+ {[%emt 0:00:09]} 72. Ke1 {[%emt 0:00:03]} Ra1+ {[%emt 0:00:04]} 73. Kd2 {[%emt 0:00:02]} Kf6 {[%emt 0:00:05]} 74. gxf7 {[%emt 0:00:04]} Ra2+ {[%emt 0:00:03]} 75. Kc1 {[%emt 0:00:02]} Kxf7 {[%emt 0:00:03]} 76. Rh8 {[%emt 0:00:02]} 1-0

[Event "European Online Club-ch-H 2021"]
[Site "Online"]
[Date "2021.03.27"]
[Round "6.14"]
[White "Olsen, Filip Boe"]
[Black "Braun, Arik"]
[Result "1-0"]
[WhiteElo "2379"]
[BlackElo "2609"]
[Annotator "ChessBase"]
[PlyCount "81"]
[EventDate "2021.03.27"]
[EventType "team-tourn"]
[EventCountry "NET"]
[SourceTitle "playchess.com"]
[Source "ChessBase"]
[SourceQuality "1"]
[TimeControl "900+5"]

1. d4 {[%emt 0:00:00]} Nf6 {[%emt 0:00:03]} 2. Nf3 {[%emt 0:00:07]} e6 {[%emt 0:00:03]} 3. c4 {[%emt 0:00:02]} d5 {[%emt 0:00:01]} 4. g3 {[%emt 0:00:01]} dxc4 {[%emt 0:00:02]} 5. Bg2 {[%emt 0:00:02]} c6 {[%emt 0:00:01]} 6. O-O {[%emt 0:00:08]} b5 {[%emt 0:00:08]} 7. a4 {[%emt 0:01:07]} Bb7 {[%emt 0:00:06]} 8. Ne5 {[%emt 0:01:50]} Qc8 {[%emt 0:00:04]} 9. b3 {[%emt 0:00:41]} cxb3 {[%emt 0:00:04]} 10. Qxb3 {[%emt 0:00:02]} b4 {[%emt 0:00:04]} 11. a5 {[%emt 0:01:22]} Nfd7 {[%emt 0:01:15]} 12. Nxd7 {[%emt 0:03:00]} Qxd7 {[%emt 0:00:58]} 13. Be3 {[%emt 0:01:26]} Be7 {[%emt 0:01:10]} 14. Nd2 {[%emt 0:00:04]} O-O {[%emt 0:00:35]} 15. Ne4 {[%emt 0:00:51]} Na6 {[%emt 0:01:42]} 16. Rfd1 {[%emt 0:00:46]} Rfd8 {[%emt 0:01:12]} 17. Nc5 {[%emt 0:00:37]} Bxc5 {[%emt 0:00:31]} 18. dxc5 {[%emt 0:00:02]} Qe7 {[%emt 0:00:03]} 19. h4 {[%emt 0:01:11]} h6 {[%emt 0:00:11]} 20. Qc4 {[%emt 0:02:24]} Rxd1+ {[%emt 0:00:46]} 21. Rxd1 {[%emt 0:00:01]} Rd8 {[%emt 0:00:03]} 22. Rc1 {[%emt 0:00:06]} e5 {[%emt 0:01:11]} 23. Be4 {[%emt 0:00:04]} Qe6 {[%emt 0:02:14]} 24. Qxe6 {[%emt 0:00:21]} fxe6 {[%emt 0:00:02]} 25. Rb1 {[%emt 0:00:04]} Kf7 {[%emt 0:00:18]} 26. Kg2 {[%emt 0:00:10]} Ke7 {[%emt 0:00:42]} 27. g4 {[%emt 0:00:05]} Kd7 {[%emt 0:01:06]} 28. g5 {[%emt 0:00:04]} hxg5 {[%emt 0:00:35]} 29. hxg5 {[%emt 0:00:05]} Rh8 {[%emt 0:00:27]} 30. Bd3 {[%emt 0:00:05]} Ke7 {[%emt 0:00:53]} 31. Kg3 {[%emt 0:00:07]} Rb8 {[%emt 0:00:22]} 32. g6 {[%emt 0:00:18]} Kf6 {[%emt 0:00:07]} 33. Kg4 {[%emt 0:00:06]} Ke7 {[%emt 0:00:19]} 34. Bc4 {[%emt 0:00:02]} Bc8 {[%emt 0:00:24]} 35. Rd1 {[%emt 0:00:23]} Ke8 {[%emt 0:00:08]} 36. Bg5 {[%emt 0:00:03]} Bb7 {[%emt 0:00:01]} 37. Bxe6 {[%emt 0:00:03]} Nxc5 {[%emt 0:00:02]} 38. Bf7+ {[%emt 0:00:03]} Kf8 {[%emt 0:00:02]} 39. Rh1 {[%emt 0:00:02]} Bc8+ {[%emt 0:00:04]} 40. Kf3 {[%emt 0:00:08]} e4+ {[%emt 0:00:02]} 41. Kg2 {[%emt 0:00:02]} 1-0